| 000 | 01256nam0a2200337 4500 | ||
|---|---|---|---|
| 001 | RU\NLR\BIBL_A\022219697 | ||
| 005 | 20240624122844.0 | ||
| 010 |
_a978-5-17-161207-8 _93000 |
||
| 021 |
_aRU _bКН-П-24-017465 _9КН-П-24-1825 |
||
| 035 | _a(NLR Aleph) 022219697 | ||
| 090 |
_a13098115 _c13098115 |
||
| 100 | _a20240513d2024 u y0rusy50 ca | ||
| 101 | 1 |
_arus _cita |
|
| 102 | _aRU | ||
| 105 | _ay z 000ay | ||
| 181 | 0 |
_ai4 _baxxe |
|
| 182 | 0 | _an | |
| 200 | 1 |
_aНулевой номер _eроман _fУмберто Эко _gпер. с ит. Е. Костюкевич |
|
| 203 |
_aТекст _bвизуальный _cнепосредственный |
||
| 210 |
_aМосква _cCorpus _cАСТ _d2024 |
||
| 215 |
_a220, [1] с. _d18 |
||
| 225 | 1 | _aСерия "Эксклюзивная классика" | |
| 225 | 1 | _aКниги, изменившие мир. Писатели, объединившие поколения | |
| 333 | _a12+ | ||
| 686 | 1 | _aШ6(4Ит)67-440.4{Лх1609-50} | |
| 700 | 1 |
_7ca _8rus _aЭко _bУ. _f1932-2016 _gУмберто _9112725 _3RU\NLR\AUTH\772717 |
|
| 942 | _cBOOK | ||
| 980 | _aNB | ||